Joueurs du PSG par numéro saison 2025/2026 - Statistiques

Statistiques générales
  • Ce quiz a été pris 395 fois
  • Le résultat moyen est 18 sur 23
Statistiques - réponses
Hint Answers % Correct
30 Lucas Chevalier
97%
2 Achraf Hakimi
95%
10 Ousmane Dembele
95%
14 Désiré Doué
93%
5 Marquinhos
90%
29 Bradley Barcola
89%
87 Joao Neves
89%
51 Willian Pacho
89%
25 Nuno Mendes
88%
17 Vitinha
86%
8 Fabian Ruiz
83%
9 Gonçalo Ramos
80%
21 Lucas Hernandez
79%
39 Matvey Safonov
78%
24 Senny Mayulu
76%
33 Warren Zaïre-Emery
75%
49 Ibrahim Mbaye
70%
19 Lee Kang-In
70%
4 Lucas Beraldo
67%
7 Kvicha Kvaratskhelia
59%
6 Illia Zabarnyi
58%
89 Renato Marin
48%
43 Noham Kamara
28%
Aucun quiz correspondant
Distribution des résultats
% des personnes avec chaque résultat
Percentile par nombre de réponses
Votre historique - résultats
Vous n’avez pas pris ce quiz